[Event "PCA-World Championship"]
[Site "London"]
[Date "1993.09.23"]
[Round "8"]
[White "Short, Nigel D"]
[Black "Kasparov, Garry"]
[Result "1/2-1/2"]
[WhiteElo "2655"]
[BlackElo "2805"]
[Annotator "based on Nigel Short lecture"]
[PlyCount "82"]
[EventDate "1993.09.??"]
[EventType "match"]
[EventRounds "20"]
[EventCountry "ENG"]

1. e4 c5 2. Nf3 d6 3. d4 cxd4 4. Nxd4 Nf6 5. Nc3 a6 6. Bc4 e6 7. Bb3 Nbd7 8. f4
Nc5 9. e5 dxe5 10. fxe5 Nfd7 11. Bf4 b5 12. Qg4 h5 13. Qg3 h4 14. Qg4 g5 {
Diagram [#]} 15. O-O-O (15. Qxg5 Qxg5 16. Bxg5 Bb7 $15) 15... Qe7 16. Nc6 Nxb3+
17. axb3 Qc5 18. Ne4 Qxc6 19. Bxg5 Bb7 20. Rd6 Bxd6 (20... Qxe4 $2 21. Rxe6+
$18) 21. Nxd6+ Kf8 22. Rf1 Nxe5 23. Qxe6 Qd5 24. Rxf7+ $2 {Spectacular though
it is, Nigel said he had to give this a question mark, since it gives away the
win.} (24. Qf6 $1 Rh7 25. Rf5 Qxg2 26. Qxe5 $1 $18 {etc.} Qg1+ 27. Kd2 Qg2+ 28.
Ke1 Qh1+ 29. Rf1 Qd5 30. Be7+ Kg8 31. Rg1+ $18) 24... Nxf7 25. Be7+ Kg7 26.
Qf6+ Kh7 27. Nxf7 Qh5 28. Ng5+ Kg8 29. Qe6+ Kg7 30. Qf6+ Kg8 31. Qe6+ Kg7 32.
Bf6+ Kh6 33. Nf7+ Kh7 34. Ng5+ (34. Nxh8 $142 {with a variation ending +/-})
34... Kh6 35. Bxh8+ Qg6 36. Nf7+ Kh7 37. Qe7 Qxg2 $2 (37... Kg8 38. Qxb7 Rf8
39. Ne5 Rf1+ 40. Kd2 Qd6+ $11) 38. Be5 (38. Bd4 $1 $18 Qh1+ 39. Kd2 Qxh2+ 40.
Kc3 Rc8+ 41. Kb4 Rc7 42. Qg5 Qg3 43. Qh5+ Kg8 44. Nh6+ Kf8 45. Bc5+ $18) 38...
Qf1+ 39. Kd2 Qf2+ 40. Kd3 (40. Kc3 Qe1+ $11) 40... Qf3+ 41. Kd2 Qf2+ 1/2-1/2